000 00295nam a22001217a 4500
008 170504b xxu||||| |||| 00| 0 eng d
041 _aeng
080 _a347
100 _a14
101 _aSHJ
245 _aMBROJTJA E TE DREJTAVE TE NJERIUT NE KONFLIKTE TE ARMATOSURA
_cOD, P
942 _2udc
_cBK
999 _c12680
_d12680